Microeconomic analysis (Record no. 14226)
[ view plain ]
| 000 -LEADER | |
|---|---|
| fixed length control field | 00373nam a22001577a 4500 |
| 020 ## - INTERNATIONAL STANDARD BOOK NUMBER | |
| International Standard Book Number | 0393090361 |
| 082 ## - DEWEY DECIMAL CLASSIFICATION NUMBER | |
| Classification number | 330.0151VAR |
| 100 ## - MAIN ENTRY--PERSONAL NAME | |
| Personal name | Varian, Hal R. |
| 245 ## - TITLE STATEMENT | |
| Title | Microeconomic analysis |
| 260 ## - PUBLICATION, DISTRIBUTION, ETC. | |
| Place of publication, distribution, etc. | London |
| Name of publisher, distributor, etc. | Norton |
| Date of publication, distribution, etc. | 1978 |
| 300 ## - PHYSICAL DESCRIPTION | |
| Extent | xii,284p |
| Other physical details | ill,:25cm |
| 500 ## - GENERAL NOTE | |
| General note | Includes Index |
| 650 ## - SUBJECT ADDED ENTRY--TOPICAL TERM | |
| Topical term or geographic name entry element | Microeconomic analysis |
| 700 ## - ADDED ENTRY--PERSONAL NAME | |
| Personal name | Varian, Hal R. |
| 942 ## - ADDED ENTRY ELEMENTS (KOHA) | |
| Koha item type | Books |
| Withdrawn status | Lost status | Damaged status | Not for loan | Home library | Current library | Shelving location | Date acquired | Total Checkouts | Full call number | Barcode | Date last seen | Price effective from | Koha item type |
|---|---|---|---|---|---|---|---|---|---|---|---|---|---|
| Withdrawn | IFM Main Campus Library | IFM Main Campus Library | Archival Collection | 11/24/2015 | 330.0151VAR | 0000006808 | 11/24/2015 | 02/19/2022 | Books | ||||
| Withdrawn | IFM Main Campus Library | IFM Main Campus Library | Archival Collection | 11/24/2015 | 330.0151VAR | 0000006809 | 11/24/2015 | 02/19/2022 | Books |
